000 00706nam a2200217Ia 4500
003 GCL
008 140319s9999 xx 000 0 ara d
040 _aGCL /
_cGCL
082 0 4 _aق
_b724.2
_bم هـ
100 1 _aمركز تسجيل الاثار المصرية
245 1 0 _aفيلة PHILAE /
_cمركز تسجيل الاثار المصرية
260 _aالقاهرة :
_bمركز تسجيل الاثار المصرية
300 _a25 ص ؛
_c20 سم
490 _aالكتيبات الصغيرة
_v0
650 0 4 _aمصر
650 0 4 _aمصر القديمة
650 0 4 _aالمعابد
650 0 4 _aالمعابد المصرية القديمة
650 0 4 _aفيلة
942 _2ddc
_cBK
999 _c36288
_d36288